| 000 | 00499nam a2200169Ia 4500 | ||
|---|---|---|---|
| 003 | IN-BaIIA | ||
| 008 | 211028s9999 xx 000 0 eng d | ||
| 020 | _a981-02-3480-5 | ||
| 040 | _cIIA Library | ||
| 080 |
_a51 _bPRO |
||
| 245 | 0 |
_aProblems and solutions in mathematics _cedited by Li. Ta-Tsien |
|
| 260 |
_aSingapore _bWorld Scientific _c1998 |
||
| 300 | _avii, 539p. | ||
| 650 |
_aMathematics _982 |
||
| 700 |
_aTa-Tsien, Li., ed. _923989 |
||
| 942 | _cBK | ||
| 999 |
_c13653 _d13653 |
||